000 00895nam a22002897a 4500
001 BR6010451
003 BR-BrBNA
005 20230928083322.0
007 ta
008 230509b bl.||||| |||| 00| 0 por d
040 _aBR-BrBNA
_bpor
_cBiblioteca Nacional de Agricultura
041 _a(Por)
072 _aF60
_b/G514
090 _ F60 BR6010451
100 1 _aBrand, H.
245 1 _aTestes de fisiologia vegetal [agua, absorcao, conducao, transpiracao vegetal, fotossintese, respiracao, crescimento, Brasil]
260 3 _aCuritiba, PR (Brasil):
_c[nd].
300 _a66 p.
500 _a(*) Documento disponível no(a) Biblioteca Publica do Parana, Curitiba (Brazil)
650 _aCRESCIMENTO
650 _aFOTOSSINTESE
650 _aCONDUTIVIDADE HIDRAULICA
650 _aTRANSPIRACAO VEGETAL
650 _aRESPIRACAO
909 _a202309
_bLucia
_c55
_dLucia Elande
942 _cBK
999 _c12779
_d12779